Cities on US Route 28 (Historic Route) - Statistics

General Stats
  • This quiz has been taken 6 times
  • The average score is 3 of 15
Answers on the Map
Answers color-coded by a green-red scale on the quiz's map according to % correct below.
 
Answer Stats
State County Answer % Correct
Oregon Lane Eugene
100%
Oregon Lane Springfield
50%
Oregon Malheur Ontario
33%
Oregon Lane Florence
17%
Oregon Crook Prineville
17%
Oregon Deschutes Redmond
17%
Oregon Deschutes Sisters
17%
Oregon Grant Dayville
0%
Oregon Grant John Day
0%
Oregon Wheeler Mitchell
0%
Oregon Grant Mount Vernon
0%
Oregon Grant Prairie City
0%
Oregon Baker Unity
0%
Oregon Malheur Vale
0%
Oregon Lane Veneta
0%
No matching quizzes found
Score Distribution
Percent of People with Each Score
Percentile by Number Answered
Your Score History
You have not taken this quiz